Plzeňské tajnosti /

Hlavní autor: Mazný, Petr, 1963-
Další autoři: Bernhardt, Tomáš, 1968-, Silovský, Ladislav, 1957-, Fantová, Kateřina, 1989-, Vogeltanz, Jaroslav, 1956-, Šlehoferová, Marie
Jazyk: Čeština
Vydáno: Plzeň : Starý most, 2022
Vydání: Vydání první
Témata:
Fyzický popis: 251 stran : ilustrace, portréty, faksimile ; 24 cm
Knihy
Uloženo v:
LEADER 02339nam a2200589 i 4500
001 nkc20223470977
003 CZ PrNK
005 20231202153029.0
007 ta
008 221108s2022 xr ach e f 000 0 cze
015 |a cnb003470977 
020 |a 978-80-7640-035-1  |q (vázáno) 
035 |a (OCoLC)1357140094 
040 |a BOA001  |b cze  |e rda 
043 |a e-xr---  |b e-xr-pl  |2 czenas 
072 7 |a 908(437)  |x Vlastivěda Česka a Slovenska  |2 Konspekt  |9 8 
080 |a 913:94  |2 MRF 
080 |a 0/9  |2 MRF 
080 |a 908(437.317)  |2 MRF 
080 |a (437.317)  |2 MRF 
080 |a (0.062)  |2 MRF 
100 1 |a Mazný, Petr,  |d 1963-  |7 jn20010310398  |4 aut 
245 1 0 |a Plzeňské tajnosti /  |c texty Petr Mazný, Tomáš Bernhardt, Ladislav Silovský, Kateřina Fantová ; fotografie Jaroslav Vogeltanz, Marie Šlehoferová 
250 |a Vydání první 
264 1 |a Plzeň :  |b Starý most,  |c 2022 
300 |a 251 stran :  |b ilustrace, portréty, faksimile ;  |c 24 cm 
336 |a text  |b txt  |2 rdacontent 
336 |a statický obraz  |b sti  |2 rdacontent 
337 |a bez média  |b n  |2 rdamedia 
338 |a svazek  |b nc  |2 rdacarrier 
500 |a Vydáno ve spolupráci s Archivem města Plzně a Západočeským muzeem v Plzni 
504 |a Obsahuje bibliografii 
650 0 7 |a historický místopis  |7 ph137052  |z Česko  |2 czenas 
650 0 7 |a všeobecnosti a zajímavosti  |7 ph116736  |z Česko  |2 czenas 
650 0 9 |a historical topography  |z Czechia  |2 eczenas 
650 0 9 |a facts and features  |z Czechia  |2 eczenas 
651 7 |a Plzeň (Česko)  |7 ge130439  |x vlastivěda a dějiny  |2 czenas 
651 9 |a Plzeň (Czechia)  |x local history and geography  |2 eczenas 
655 7 |a populárně-naučné publikace  |7 fd131864  |2 czenas 
655 9 |a popular works  |2 eczenas 
700 1 |a Bernhardt, Tomáš,  |d 1968-  |7 jo20000067337  |4 aut 
700 1 |a Silovský, Ladislav,  |d 1957-  |7 xx0185065  |4 aut 
700 1 |a Fantová, Kateřina,  |d 1989-  |7 xx0208825  |4 aut 
700 1 |a Vogeltanz, Jaroslav,  |d 1956-  |7 ola2003188578  |4 pht 
700 1 |a Šlehoferová, Marie  |7 ola20231193210  |4 pht 
910 2 |a BOA001  |b 2-1496.897 
928 9 |a Archiv města Plzně 
928 9 |a Západočeské muzeum v Plzni 
990 |a BK 
995 |a 01 
991 |b 202211  |c NOV 
996 6 |b 2610921068  |c 2-1496.897  |l MZK  |r Sklad / do 1 hodiny  |n 0  |p p.v.  |w 001905280  |u 000010  |a 1  |e BOA001  |j MZK50  |s P